000
00378nam a2200145Ia 4500
008
090124s9999 xx 000 0 und d
082
_b
303299
245
_a
दु:खाचे रंग
250
_a
1
260
_b
पै शिरीष
_c
1996
300
_a
139
630
_a
दु:खाचे रंग
730
_a
दु:खाचे रंग
942
_c
BOOK
999
_c
192936
_d
192936